Pays en Countryball par image #4 - Statistiques

Statistiques générales
  • Ce quiz a été pris 39 fois
    38 depuis la dernière actualisation
  • Le résultat moyen est 11 sur 16
Statistiques - réponses
Par images Réponse % Correct
Portugal
97%
Écosse
94%
Afrique du Sud
92%
Chypre
89%
Népal
89%
Indonésie
78%
Azerbaïdjan
75%
Comores
69%
Honduras
69%
Burundi
61%
Samoa
53%
Groenland
50%
Grenade
44%
Guinée Bissau
39%
Îles Marshall
39%
Régime de Vichy
17%
Aucun quiz correspondant
Distribution des résultats
% des personnes avec chaque résultat
Percentile par nombre de réponses
Votre historique - résultats
Vous n’avez pas pris ce quiz depuis la dernière actualisation